<?xml version="1.0" encoding="UTF-8"?><?xml-stylesheet type="text/xsl" href="static/style.xsl"?><OAI-PMH xmlns="http://www.openarchives.org/OAI/2.0/" xmlns:xsi="http://www.w3.org/2001/XMLSchema-instance" xsi:schemaLocation="http://www.openarchives.org/OAI/2.0/ http://www.openarchives.org/OAI/2.0/OAI-PMH.xsd"><responseDate>2026-04-14T02:39:50Z</responseDate><request verb="GetRecord" identifier="oai:www.recercat.cat:2117/116398" metadataPrefix="marc">https://recercat.cat/oai/request</request><GetRecord><record><header><identifier>oai:recercat.cat:2117/116398</identifier><datestamp>2025-07-17T10:36:19Z</datestamp><setSpec>com_2072_1033</setSpec><setSpec>col_2072_452950</setSpec></header><metadata><record xmlns="http://www.loc.gov/MARC21/slim" xmlns:dcterms="http://purl.org/dc/terms/" xmlns:xsi="http://www.w3.org/2001/XMLSchema-instance" xmlns:doc="http://www.lyncode.com/xoai" xsi:schemaLocation="http://www.loc.gov/MARC21/slim http://www.loc.gov/standards/marcxml/schema/MARC21slim.xsd">
   <leader>00925njm 22002777a 4500</leader>
   <datafield ind2=" " ind1=" " tag="042">
      <subfield code="a">dc</subfield>
   </datafield>
   <datafield ind2=" " ind1=" " tag="720">
      <subfield code="a">Cabon, Beatrice</subfield>
      <subfield code="e">author</subfield>
   </datafield>
   <datafield ind2=" " ind1=" " tag="720">
      <subfield code="a">Anzieu, P.</subfield>
      <subfield code="e">author</subfield>
   </datafield>
   <datafield ind2=" " ind1=" " tag="720">
      <subfield code="a">Batet Miracle, Lluís</subfield>
      <subfield code="e">author</subfield>
   </datafield>
   <datafield ind2=" " ind1=" " tag="260">
      <subfield code="c">2016</subfield>
   </datafield>
   <datafield ind2=" " ind1=" " tag="520">
      <subfield code="a">EMINE master programme is an international education initiative offered by KIC-InnoEnergy under the framework of the European Institute of Innovation and Technology (EIT). Students in the programme have the opportunity to acquire an in-depth knowledge of the nuclear industry, through unique and specialised courses covering a wide range of subjects. Students choose between UPC (Barcelona) and KTH (Stockholm) for the first year and between Grenoble-INP and Paris-Saclay University (France) for the second year. Grenoble École de Management (GEM) completes the list of academic partners: students take a 3-week summer course on energy management issues after their first year in EMINE. EMINE students also benefit from the involvement of our industrial partners (AREVA, EDF, ENDESA, INSTN-CEA, and Vattenfall) in the Programme. For the academic institutions, EMINE is the opportunity to provide a high level education aligned with the industrial needs. The international collaboration among universities helps improving the quality and the adoption of best practices. EMINE attracts good students to our centres whereas the EIT funding and the industrial involvement allows a number of activities that otherwise would have been difficult to carry out, such as the assistance of external industrial experts or field activities. MSc EMINE helps tomorrow’s nuclear engineers take up the challenges the nuclear energy industry faces in terms of safety, social acceptability and waste management. By offering outstanding technical training and addressing the economic, social and political aspects of nuclear energy, the programme broadens the scope of traditional nuclear education.</subfield>
   </datafield>
   <datafield ind2=" " ind1=" " tag="520">
      <subfield code="a">Postprint (published version)</subfield>
   </datafield>
   <datafield tag="653" ind2=" " ind1=" ">
      <subfield code="a">Àrees temàtiques de la UPC::Energies::Energia nuclear</subfield>
   </datafield>
   <datafield tag="653" ind2=" " ind1=" ">
      <subfield code="a">Àrees temàtiques de la UPC::Ensenyament i aprenentatge::Ensenyament universitari</subfield>
   </datafield>
   <datafield tag="653" ind2=" " ind1=" ">
      <subfield code="a">Àrees temàtiques de la UPC::Ensenyament i aprenentatge::Ensenyament universitari::Espai Europeu d'Educació Superior</subfield>
   </datafield>
   <datafield tag="653" ind2=" " ind1=" ">
      <subfield code="a">Nuclear energy</subfield>
   </datafield>
   <datafield tag="653" ind2=" " ind1=" ">
      <subfield code="a">Education, Higher--Europe</subfield>
   </datafield>
   <datafield tag="653" ind2=" " ind1=" ">
      <subfield code="a">Nuclear engineering</subfield>
   </datafield>
   <datafield tag="653" ind2=" " ind1=" ">
      <subfield code="a">Universitat Politècnica de Catalunya---Graduate work</subfield>
   </datafield>
   <datafield tag="653" ind2=" " ind1=" ">
      <subfield code="a">Energia nuclear</subfield>
   </datafield>
   <datafield tag="653" ind2=" " ind1=" ">
      <subfield code="a">Ensenyament universitari--Europa</subfield>
   </datafield>
   <datafield tag="653" ind2=" " ind1=" ">
      <subfield code="a">Enginyeria nuclear</subfield>
   </datafield>
   <datafield tag="653" ind2=" " ind1=" ">
      <subfield code="a">Universitat Politècnica de Catalunya--Estudis de 2n i 3r cicles</subfield>
   </datafield>
   <datafield ind2="0" ind1="0" tag="245">
      <subfield code="a">European Master in Nuclear Energy (EMINE). When academy and industry meet</subfield>
   </datafield>
</record></metadata></record></GetRecord></OAI-PMH>